Zdroj tepla pre zabezpečenie tepelnej pohody v rodinnom dome s využitím obnoviteľných zdrojov energie
Enregistré dans:
| Auteur principal: | |
|---|---|
| Autres auteurs: | |
| Format: | Manuscrit Livre |
| Langue: | slovaque |
| Publié: |
2015
|
| Sujets: | |
| Accès en ligne: | http://is.stuba.sk/zp/portal_zp.pl?podrobnosti=112779 |
| Tags: |
Pas de tags, Soyez le premier à ajouter un tag!
|
MARC
| LEADER | 00000ntm a22000003a 4500 | ||
|---|---|---|---|
| 001 | stuzp51594 | ||
| 003 | SK-STU | ||
| 005 | 20160719153914.8 | ||
| 007 | ta | ||
| 008 | 150427s2015----xo-----f-mn---000-0-slo-d | ||
| 040 | |a STU |b slo | ||
| 041 | 0 | |a slo | |
| 100 | 1 | |a Bartoš, Viktor |u 020060 |4 aut |U SjF Strojnícka fakulta |T SjF Ústav tepelnej energetiky |X 65674 |U J0060 |Y 805 |7 65674 | |
| 242 | 0 | 1 | |a Heat sourceto ensurethermal comfortin a family housewith application of renewableenergy sources |y eng |
| 245 | 1 | 0 | |a Zdroj tepla pre zabezpečenie tepelnej pohody v rodinnom dome s využitím obnoviteľných zdrojov energie |
| 260 | |c 2015 | ||
| 650 | 4 | |a tepelná strata |2 slo | |
| 650 | 4 | |a tepelná pohoda |2 slo | |
| 650 | 4 | |a príprava teplej vody |2 slo | |
| 650 | 4 | |a dimenzovanie vykurovacieho okruhu |2 slo | |
| 650 | 4 | |a slnečný systém |2 slo | |
| 650 | 4 | |a heat loss |2 eng | |
| 650 | 4 | |a sizing of the heating circuit |2 eng | |
| 650 | 4 | |a the solar system |2 eng | |
| 650 | 4 | |a thermal comfort |2 eng | |
| 650 | 4 | |a domestic hotwater |2 eng | |
| 700 | 1 | |a Muškát, Peter |4 ths |X 5022 |7 A00005022 | |
| 856 | 4 | |u http://is.stuba.sk/zp/portal_zp.pl?podrobnosti=112779 | |
| 996 | |b 284J043749 |c J* 2039/DP |l JJSK |s A |a 24 |w stuzp51594_0001 | ||
| SQL | |a stuzp51594 |b DDP |c SLO |d Zdroj tepla pre zabezpečenie tepelnej pohody v rodinnom dome s využitím obnoviteľných zdrojov energie |e 65674 |f Bartoš, Viktor |g 020060 |h 5022 |i Muškát, Peter |j 20150617 |k 61 |l 02 |m http://is.stuba.sk/zp/portal_zp.pl?podrobnosti=112779 |n I-TESZ |o 5.2.29. energetika | ||